[Event "GER-chW Blitz 2019"]
[Site "Magdeburg"]
[Date "2019.05.25"]
[Round "6.5"]
[White "Kunze, Kerstin"]
[Black "Ries, Jutta"]
[Result "1-0"]
[WhiteElo "2066"]
[BlackElo "2017"]
[Annotator "NA"]
[PlyCount "77"]
[EventDate "2019.05.25"]
[EventType "tourn"]
[EventCountry "GER"]
[SourceTitle "playchess.com"]
[Source "ChessBase"]
[SourceQuality "1"]
[TimeControl "180+2"]

1. e4 {[%emt 0:00:00]} Nf6 {[%emt 0:00:00]} 2. e5 {[%emt 0:00:02]} Nd5 {[%emt 0:00:00]} 3. d4 {[%emt 0:00:06]} d6 {[%emt 0:00:01]} 4. Nf3 {[%emt 0:00:01]} g6 {[%emt 0:00:05]} 5. c4 {[%emt 0:00:16]} Nb6 {[%emt 0:00:01]} 6. Bd3 {[%emt 0:00:10]} Nc6 {[%emt 0:00:09]} 7. exd6 {[%emt 0:00:11]} cxd6 {[%emt 0:00:02]} 8. O-O {[%emt 0:00:08]} Bg7 {[%emt 0:00:03]} 9. Be3 {[%emt 0:00:01]} O-O {[%emt 0:00:03]} 10. h3 {[%emt 0:00:12]} Nb4 {[%emt 0:00:37]} 11. Be2 {[%emt 0:00:04]} Bf5 {[%emt 0:00:04]} 12. Na3 {[%emt 0:00:00]} Rc8 {[%emt 0:00:03]} 13. Nh4 {[%emt 0:00:10]} Be6 {[%emt 0:00:39]} 14. Qd2 {[%emt 0:00:14]} Na6 {[%emt 0:00:10]} 15. Rac1 {[%emt 0:00:15]} Nb8 {[%emt 0:00:53]} 16. Nb5 {[%emt 0:00:13]} a6 {[%emt 0:00:02]} 17. Na7 {[%emt 0:00:14]} Nxc4 {[%emt 0:00:11]} 18. Bxc4 {[%emt 0:00:07]} Rxc4 {[%emt 0:00:01]} 19. d5 {[%emt 0:00:16]} Rxc1 {[%emt 0:00:02]} 20. Rxc1 {[%emt 0:00:02]} Bd7 {[%emt 0:00:01]} 21. Qb4 {[%emt 0:00:09]} b5 {[%emt 0:00:06]} 22. Nc6 {[%emt 0:00:05]} Nxc6 {[%emt 0:00:04]} 23. dxc6 {[%emt 0:00:01]} Bc8 {[%emt 0:00:01]} 24. Nf3 {[%emt 0:00:13]} Qc7 {[%emt 0:00:02]} 25. Nd4 {[%emt 0:00:06]} Bxd4 {[%emt 0:00:04]} 26. Bxd4 {[%emt 0:00:02]} Be6 {[%emt 0:00:03]} 27. Qd2 {[%emt 0:00:03]} Bxa2 {[%emt 0:00:04]} 28. Qh6 {[%emt 0:00:19]} f6 {[%emt 0:00:01]} 29. Qe3 {[%emt 0:00:05]} Bd5 {[%emt 0:00:02]} 30. Bb6 {[%emt 0:00:03]} Qc8 {[%emt 0:00:01]} 31. c7 {[%emt 0:00:01]} Bb7 {[%emt 0:00:01]} 32. Qxe7 {[%emt 0:00:02]} d5 {[%emt 0:00:08]} 33. Re1 {[%emt 0:00:02]} Bc6 {[%emt 0:00:02]} 34. Re6 {[%emt 0:00:02]} Bd7 {[%emt 0:00:02]} 35. Rxf6 {[%emt 0:00:01]} Rxf6 {[%emt 0:00:02]} 36. Qxf6 {[%emt 0:00:01]} Qf8 {[%emt 0:00:02]} 37. Qe5 {[%emt 0:00:04]} Bc8 {[%emt 0:00:01]} 38. Bd4 {[%emt 0:00:01]} Qf5 {[%emt 0:00:05]} 39. Qg7# 1-0

[Event "GER-chW Blitz 2019"]
[Site "Magdeburg"]
[Date "2019.05.25"]
[Round "6.6"]
[White "Kreismann, Franziska"]
[Black "Lubbe, Melanie"]
[Result "0-1"]
[WhiteElo "1589"]
[BlackElo "2278"]
[Annotator "NA"]
[PlyCount "78"]
[EventDate "2019.05.25"]
[EventType "tourn"]
[EventCountry "GER"]
[SourceTitle "playchess.com"]
[Source "ChessBase"]
[SourceQuality "1"]
[TimeControl "180+2"]

1. d4 {[%emt 0:00:00]} Nf6 {[%emt 0:00:00]} 2. c4 {[%emt 0:00:01]} g6 {[%emt 0:00:00]} 3. Nc3 {[%emt 0:00:02]} Bg7 {[%emt 0:00:00]} 4. Nf3 {[%emt 0:00:02]} O-O {[%emt 0:00:01]} 5. Bg5 {[%emt 0:00:04]} d6 {[%emt 0:00:02]} 6. Bxf6 {[%emt 0:00:02]} Bxf6 {[%emt 0:00:02]} 7. e3 {[%emt 0:00:01]} Bg7 {[%emt 0:00:02]} 8. Bd3 {[%emt 0:00:02]} Nd7 {[%emt 0:00:02]} 9. O-O {[%emt 0:00:04]} e5 {[%emt 0:00:01]} 10. dxe5 {[%emt 0:00:06]} dxe5 {[%emt 0:00:03]} 11. Bc2 {[%emt 0:00:08]} c6 {[%emt 0:00:02]} 12. b3 {[%emt 0:00:07]} Qe7 {[%emt 0:00:04]} 13. Re1 {[%emt 0:00:13]} e4 {[%emt 0:00:16]} 14. Nd4 {[%emt 0:00:04]} c5 {[%emt 0:00:05]} 15. Nde2 {[%emt 0:00:04]} f5 {[%emt 0:00:05]} 16. Ng3 {[%emt 0:00:19]} Ne5 {[%emt 0:00:04]} 17. Nd5 {[%emt 0:00:11]} Qf7 {[%emt 0:00:01]} 18. Nf4 {[%emt 0:00:14]} Be6 {[%emt 0:00:26]} 19. h4 {[%emt 0:00:01]} Rad8 {[%emt 0:00:02]} 20. Qe2 {[%emt 0:00:07]} Nd3 {[%emt 0:00:23]} 21. Red1 {[%emt 0:00:11]} Bxa1 {[%emt 0:00:05]} 22. Bxd3 {[%emt 0:00:17]} exd3 {[%emt 0:00:10]} 23. Nxd3 {[%emt 0:00:05]} Bg7 {[%emt 0:00:05]} 24. h5 {[%emt 0:00:09]} b6 {[%emt 0:00:04]} 25. Re1 {[%emt 0:00:11]} Rd7 {[%emt 0:00:03]} 26. Nf4 {[%emt 0:00:01]} Rfd8 {[%emt 0:00:03]} 27. hxg6 {[%emt 0:00:04]} hxg6 {[%emt 0:00:02]} 28. Qf3 {[%emt 0:00:19]} Be5 {[%emt 0:00:03]} 29. Nfe2 {[%emt 0:00:05]} Qg7 {[%emt 0:00:07]} 30. a4 {[%emt 0:00:12]} Rd1 {[%emt 0:00:02]} 31. Rxd1 {[%emt 0:00:07]} Rxd1+ {[%emt 0:00:01]} 32. Nf1 {[%emt 0:00:01]} Ra1 {[%emt 0:00:23]} 33. Nf4 {[%emt 0:00:13]} Bxf4 {[%emt 0:00:01]} 34. Qxf4 {[%emt 0:00:03]} Qd7 {[%emt 0:00:05]} 35. Qb8+ {[%emt 0:00:02]} Kf7 {[%emt 0:00:08]} 36. Qg3 {[%emt 0:00:03]} Qd1 {[%emt 0:00:04]} 37. Kh2 {[%emt 0:00:04]} Qh5+ {[%emt 0:00:14]} 38. Kg1 {[%emt 0:00:07]} Rxf1+ {[%emt 0:00:03]} 39. Kxf1 {[%emt 0:00:00]} Qd1# 0-1

[Event "GER-chW Blitz 2019"]
[Site "Magdeburg"]
[Date "2019.05.25"]
[Round "6.7"]
[White "Daemering, Katrin"]
[Black "Fuchs, Judith"]
[Result "0-1"]
[WhiteElo "2003"]
[BlackElo "2218"]
[Annotator "NA"]
[PlyCount "116"]
[EventDate "2019.05.25"]
[EventType "tourn"]
[EventCountry "GER"]
[SourceTitle "playchess.com"]
[Source "ChessBase"]
[SourceQuality "1"]
[TimeControl "180+2"]

1. Nf3 {[%emt 0:00:00]} Nf6 {[%emt 0:00:00]} 2. g3 {[%emt 0:00:00]} b5 {[%emt 0:00:00]} 3. Bg2 {[%emt 0:00:01]} Bb7 {[%emt 0:00:01]} 4. d3 {[%emt 0:00:01]} e6 {[%emt 0:00:01]} 5. e4 {[%emt 0:00:02]} d6 {[%emt 0:00:04]} 6. O-O {[%emt 0:00:03]} Be7 {[%emt 0:00:01]} 7. h3 {[%emt 0:00:01]} O-O {[%emt 0:00:02]} 8. Be3 {[%emt 0:00:03]} c5 {[%emt 0:00:01]} 9. Nbd2 {[%emt 0:00:02]} Qc7 {[%emt 0:00:02]} 10. Ne1 {[%emt 0:00:09]} Nbd7 {[%emt 0:00:08]} 11. f4 {[%emt 0:00:01]} Rfd8 {[%emt 0:00:20]} 12. g4 {[%emt 0:00:05]} Nb6 {[%emt 0:00:03]} 13. g5 {[%emt 0:00:03]} Nfd7 {[%emt 0:00:01]} 14. Qh5 {[%emt 0:00:04]} g6 {[%emt 0:00:12]} 15. Qg4 {[%emt 0:00:02]} Bf8 {[%emt 0:00:03]} 16. c3 {[%emt 0:00:15]} d5 {[%emt 0:00:09]} 17. Rd1 {[%emt 0:00:06]} b4 {[%emt 0:00:11]} 18. d4 {[%emt 0:00:12]} bxc3 {[%emt 0:00:24]} 19. bxc3 {[%emt 0:00:01]} Na4 {[%emt 0:00:05]} 20. Nb1 {[%emt 0:00:19]} Nb2 {[%emt 0:00:05]} 21. Rc1 {[%emt 0:00:05]} Nc4 {[%emt 0:00:01]} 22. Bf2 {[%emt 0:00:09]} dxe4 {[%emt 0:00:03]} 23. Bg3 {[%emt 0:00:07]} Ne3 {[%emt 0:00:10]} 24. Qe2 {[%emt 0:00:01]} Nxf1 {[%emt 0:00:02]} 25. Qxf1 {[%emt 0:00:01]} cxd4 {[%emt 0:00:03]} 26. Nc2 {[%emt 0:00:14]} d3 {[%emt 0:00:11]} 27. Nd4 {[%emt 0:00:03]} Bg7 {[%emt 0:00:06]} 28. Kh2 {[%emt 0:00:05]} Qb6 {[%emt 0:00:12]} 29. Bf2 {[%emt 0:00:07]} Qa5 {[%emt 0:00:05]} 30. a3 {[%emt 0:00:12]} Rac8 {[%emt 0:00:06]} 31. Qe1 {[%emt 0:00:04]} Nc5 {[%emt 0:00:05]} 32. Qe3 {[%emt 0:00:10]} Qa4 {[%emt 0:00:15]} 33. Nd2 {[%emt 0:00:13]} Qxa3 {[%emt 0:00:04]} 34. Nc4 {[%emt 0:00:04]} Qa2 {[%emt 0:00:09]} 35. Ne5 {[%emt 0:00:02]} d2 {[%emt 0:00:05]} 36. Rd1 {[%emt 0:00:01]} Nb3 {[%emt 0:00:02]} 37. Nxb3 {[%emt 0:00:08]} Qxb3 {[%emt 0:00:02]} 38. Rxd2 {[%emt 0:00:01]} Rxd2 39. Qxd2 {[%emt 0:00:01]} Qxc3 {[%emt 0:00:07]} 40. Qd7 {[%emt 0:00:04]} Qc7 {[%emt 0:00:07]} 41. Qxc7 {[%emt 0:00:09]} Rxc7 {[%emt 0:00:01]} 42. Bxa7 {[%emt 0:00:01]} Bxe5 {[%emt 0:00:07]} 43. fxe5 {[%emt 0:00:01]} Bd5 {[%emt 0:00:02]} 44. Be3 {[%emt 0:00:04]} Rc3 {[%emt 0:00:01]} 45. Bf4 {[%emt 0:00:04]} e3 {[%emt 0:00:03]} 46. Bxd5 {[%emt 0:00:05]} exd5 {[%emt 0:00:01]} 47. Kg3 {[%emt 0:00:02]} d4 {[%emt 0:00:03]} 48. Kf3 {[%emt 0:00:01]} Kf8 {[%emt 0:00:02]} 49. Ke2 {[%emt 0:00:02]} Ke7 {[%emt 0:00:02]} 50. h4 {[%emt 0:00:03]} Ke6 {[%emt 0:00:00]} 51. Bg3 {[%emt 0:00:01]} Kf5 {[%emt 0:00:02]} 52. Bh2 {[%emt 0:00:02]} Ke4 {[%emt 0:00:01]} 53. Bg1 {[%emt 0:00:01]} d3+ {[%emt 0:00:01]} 54. Kd1 {[%emt 0:00:01]} Ra3 {[%emt 0:00:02]} 55. Kc1 {[%emt 0:00:02]} Ra1+ {[%emt 0:00:01]} 56. Kb2 {[%emt 0:00:01]} Rxg1 {[%emt 0:00:01]} 57. Kc3 {[%emt 0:00:01]} d2 {[%emt 0:00:01]} 58. Kc2 {[%emt 0:00:00]} d1=Q+ {[%emt 0:00:02]} 0-1

[Event "GER-chW Blitz 2019"]
[Site "Magdeburg"]
[Date "2019.05.25"]
[Round "6.8"]
[White "Sieber, Fiona"]
[Black "Kotyk, Valeriya"]
[Result "1-0"]
[WhiteElo "2250"]
[BlackElo "1739"]
[Annotator "NA"]
[PlyCount "68"]
[EventDate "2019.05.25"]
[EventType "tourn"]
[EventCountry "GER"]
[SourceTitle "playchess.com"]
[Source "ChessBase"]
[SourceQuality "1"]
[TimeControl "180+2"]

1. e4 {[%emt 0:00:00]} e6 {[%emt 0:00:00]} 2. d4 {[%emt 0:00:01]} d5 {[%emt 0:00:00]} 3. Nc3 {[%emt 0:00:02]} Nf6 {[%emt 0:00:02]} 4. e5 {[%emt 0:00:01]} Nfd7 {[%emt 0:00:01]} 5. f4 {[%emt 0:00:01]} c5 {[%emt 0:00:01]} 6. Nf3 {[%emt 0:00:01]} Nc6 {[%emt 0:00:01]} 7. Be3 {[%emt 0:00:01]} Qb6 {[%emt 0:00:08]} 8. Na4 {[%emt 0:00:13]} Qa5+ {[%emt 0:00:06]} 9. c3 {[%emt 0:00:01]} cxd4 {[%emt 0:00:05]} 10. b4 {[%emt 0:00:00]} Qc7 {[%emt 0:00:05]} 11. Nxd4 {[%emt 0:00:07]} a6 {[%emt 0:00:05]} 12. Bd3 {[%emt 0:00:18]} b5 {[%emt 0:00:09]} 13. Nb2 {[%emt 0:00:07]} Nb6 {[%emt 0:00:03]} 14. O-O {[%emt 0:00:12]} Nc4 {[%emt 0:00:01]} 15. Nxc4 {[%emt 0:00:06]} dxc4 {[%emt 0:00:01]} 16. Be4 {[%emt 0:00:02]} Bb7 {[%emt 0:00:02]} 17. Qf3 {[%emt 0:00:28]} Nxd4 {[%emt 0:00:18]} 18. Bxd4 {[%emt 0:00:01]} Bxe4 {[%emt 0:00:02]} 19. Qxe4 {[%emt 0:00:01]} Rd8 {[%emt 0:00:03]} 20. f5 {[%emt 0:00:02]} h5 {[%emt 0:00:21]} 21. fxe6 {[%emt 0:00:02]} fxe6 {[%emt 0:00:22]} 22. Qg6+ {[%emt 0:00:02]} Kd7 {[%emt 0:00:01]} 23. a4 {[%emt 0:00:02]} bxa4 {[%emt 0:00:11]} 24. Rxa4 {[%emt 0:00:02]} Qc6 {[%emt 0:00:08]} 25. Ra5 {[%emt 0:00:09]} Rh6 {[%emt 0:00:28]} 26. Rf7+ {[%emt 0:00:11]} Kc8 {[%emt 0:00:01]} 27. Qg5 {[%emt 0:00:06]} Rh8 {[%emt 0:00:25]} 28. Rxf8 {[%emt 0:00:18]} Rhxf8 {[%emt 0:00:15]} 29. Rc5 {[%emt 0:00:01]} Qxc5 {[%emt 0:00:01]} 30. Bxc5 {[%emt 0:00:02]} Rf7 {[%emt 0:00:04]} 31. h3 {[%emt 0:00:02]} Rd1+ {[%emt 0:00:13]} 32. Kh2 {[%emt 0:00:01]} Rd3 {[%emt 0:00:08]} 33. Qg6 {[%emt 0:00:02]} Rfd7 {[%emt 0:00:08]} 34. Qxe6 {[%emt 0:00:01]} Rxc3 1-0

[Event "GER-chW Blitz 2019"]
[Site "Magdeburg"]
[Date "2019.05.25"]
[Round "6.9"]
[White "Osmanodja, Filiz"]
[Black "Silz, Elisa"]
[Result "1-0"]
[WhiteElo "2260"]
[BlackElo "1977"]
[Annotator "NA"]
[PlyCount "113"]
[EventDate "2019.05.25"]
[EventType "tourn"]
[EventCountry "GER"]
[SourceTitle "playchess.com"]
[Source "ChessBase"]
[SourceQuality "1"]
[TimeControl "180+2"]

1. e4 {[%emt 0:00:00]} g6 {[%emt 0:00:00]} 2. d4 {[%emt 0:00:00]} Bg7 {[%emt 0:00:00]} 3. Nf3 {[%emt 0:00:05]} c6 {[%emt 0:00:00]} 4. c3 {[%emt 0:00:02]} d5 {[%emt 0:00:01]} 5. e5 {[%emt 0:00:06]} Bg4 {[%emt 0:00:02]} 6. Be2 {[%emt 0:00:09]} f6 {[%emt 0:00:01]} 7. Bf4 {[%emt 0:00:10]} Nd7 {[%emt 0:00:01]} 8. exf6 {[%emt 0:00:23]} Ngxf6 {[%emt 0:00:02]} 9. Ne5 {[%emt 0:00:18]} Bxe2 {[%emt 0:00:02]} 10. Qxe2 {[%emt 0:00:02]} O-O {[%emt 0:00:08]} 11. O-O {[%emt 0:00:29]} Nh5 {[%emt 0:00:03]} 12. Bg3 {[%emt 0:00:12]} Nxg3 {[%emt 0:00:04]} 13. hxg3 {[%emt 0:00:05]} Nxe5 {[%emt 0:00:15]} 14. dxe5 {[%emt 0:00:01]} Rf5 {[%emt 0:00:01]} 15. f4 {[%emt 0:00:07]} e6 {[%emt 0:00:03]} 16. g4 {[%emt 0:00:06]} Rf7 {[%emt 0:00:06]} 17. g3 {[%emt 0:00:19]} Qb6+ {[%emt 0:00:03]} 18. Qf2 {[%emt 0:00:05]} Qxf2+ {[%emt 0:00:08]} 19. Rxf2 {[%emt 0:00:02]} Raf8 {[%emt 0:00:03]} 20. Nd2 {[%emt 0:00:12]} g5 {[%emt 0:00:02]} 21. Raf1 {[%emt 0:00:05]} Bh6 {[%emt 0:00:10]} 22. f5 {[%emt 0:00:04]} exf5 {[%emt 0:00:10]} 23. e6 {[%emt 0:00:06]} Rf6 {[%emt 0:00:18]} 24. Rxf5 {[%emt 0:00:20]} Rxe6 {[%emt 0:00:08]} 25. Rxf8+ {[%emt 0:00:07]} Bxf8 {[%emt 0:00:01]} 26. Nf3 {[%emt 0:00:01]} Be7 {[%emt 0:00:03]} 27. Nd4 {[%emt 0:00:01]} Rf6 {[%emt 0:00:08]} 28. Nf5 {[%emt 0:00:01]} Bd8 {[%emt 0:00:04]} 29. Re1 {[%emt 0:00:03]} Bb6+ {[%emt 0:00:04]} 30. Kg2 {[%emt 0:00:01]} Bc5 {[%emt 0:00:10]} 31. b4 {[%emt 0:00:01]} Bf8 {[%emt 0:00:03]} 32. Re8 {[%emt 0:00:01]} Kf7 {[%emt 0:00:03]} 33. Rb8 {[%emt 0:00:00]} Re6 {[%emt 0:00:14]} 34. Rxb7+ {[%emt 0:00:01]} Kg6 {[%emt 0:00:02]} 35. Kf2 {[%emt 0:00:08]} c5 {[%emt 0:00:02]} 36. b5 {[%emt 0:00:08]} d4 {[%emt 0:00:04]} 37. cxd4 {[%emt 0:00:05]} cxd4 {[%emt 0:00:01]} 38. Rd7 {[%emt 0:00:05]} Bc5 {[%emt 0:00:03]} 39. Rd5 {[%emt 0:00:01]} Bb6 {[%emt 0:00:02]} 40. Kf3 {[%emt 0:00:03]} Kf7 {[%emt 0:00:17]} 41. Nxd4 {[%emt 0:00:03]} Bxd4 {[%emt 0:00:02]} 42. Rxd4 {[%emt 0:00:00]} Ke7 {[%emt 0:00:08]} 43. Rc4 {[%emt 0:00:01]} Rd6 {[%emt 0:00:01]} 44. Rc7+ {[%emt 0:00:01]} Rd7 {[%emt 0:00:03]} 45. Rxd7+ {[%emt 0:00:02]} Kxd7 {[%emt 0:00:00]} 46. Ke4 {[%emt 0:00:02]} Kd6 {[%emt 0:00:02]} 47. Kf5 {[%emt 0:00:02]} h6 {[%emt 0:00:03]} 48. Kg6 Kc5 {[%emt 0:00:00]} 49. Kxh6 {[%emt 0:00:04]} Kxb5 50. Kxg5 {[%emt 0:00:01]} Kb4 {[%emt 0:00:01]} 51. Kf4 {[%emt 0:00:05]} Ka3 {[%emt 0:00:01]} 52. g5 {[%emt 0:00:01]} Kxa2 53. g6 a5 {[%emt 0:00:02]} 54. g7 {[%emt 0:00:02]} a4 {[%emt 0:00:00]} 55. g8=Q+ {[%emt 0:00:03]} Kb2 {[%emt 0:00:01]} 56. g4 {[%emt 0:00:04]} a3 {[%emt 0:00:01]} 57. g5 {[%emt 0:00:01]} 1-0

[Event "GER-chW Blitz 2019"]
[Site "Magdeburg"]
[Date "2019.05.25"]
[Round "6.10"]
[White "Michna, Marta"]
[Black "Rath, Alina"]
[Result "1-0"]
[WhiteElo "2355"]
[BlackElo "2042"]
[Annotator "NA"]
[PlyCount "117"]
[EventDate "2019.05.25"]
[EventType "tourn"]
[EventCountry "GER"]
[SourceTitle "playchess.com"]
[Source "ChessBase"]
[SourceQuality "1"]
[TimeControl "180+2"]

1. d4 {[%emt 0:00:00]} d5 {[%emt 0:00:00]} 2. Bf4 {[%emt 0:00:00]} Nf6 {[%emt 0:00:00]} 3. e3 {[%emt 0:00:00]} e6 {[%emt 0:00:01]} 4. Nd2 {[%emt 0:00:01]} c5 {[%emt 0:00:01]} 5. c3 {[%emt 0:00:01]} Nc6 {[%emt 0:00:01]} 6. Ngf3 {[%emt 0:00:01]} Bd6 {[%emt 0:00:02]} 7. Bg3 {[%emt 0:00:00]} O-O {[%emt 0:00:03]} 8. Ne5 {[%emt 0:00:07]} Qc7 {[%emt 0:00:15]} 9. f4 {[%emt 0:00:02]} b6 {[%emt 0:00:04]} 10. Bd3 {[%emt 0:00:02]} Bb7 {[%emt 0:00:03]} 11. Qf3 {[%emt 0:00:08]} Ne7 {[%emt 0:00:04]} 12. Bh4 {[%emt 0:00:10]} Ne8 {[%emt 0:00:19]} 13. O-O {[%emt 0:00:02]} g6 {[%emt 0:00:18]} 14. Qh3 {[%emt 0:00:10]} Nf5 {[%emt 0:00:06]} 15. Bf2 {[%emt 0:00:18]} f6 {[%emt 0:00:08]} 16. Nef3 {[%emt 0:00:20]} Rf7 {[%emt 0:00:12]} 17. g4 {[%emt 0:00:03]} Nfg7 {[%emt 0:00:03]} 18. Nh4 {[%emt 0:00:34]} f5 {[%emt 0:00:14]} 19. Ndf3 {[%emt 0:00:12]} Nf6 {[%emt 0:00:08]} 20. Ng5 {[%emt 0:00:03]} Re7 {[%emt 0:00:04]} 21. Qg2 {[%emt 0:00:19]} Nxg4 {[%emt 0:00:08]} 22. h3 {[%emt 0:00:01]} Nf6 {[%emt 0:00:05]} 23. Ngf3 {[%emt 0:00:00]} Ne4 {[%emt 0:00:06]} 24. Ne5 {[%emt 0:00:03]} Bxe5 {[%emt 0:00:01]} 25. fxe5 {[%emt 0:00:02]} Qc8 {[%emt 0:00:16]} 26. Kh1 {[%emt 0:00:02]} Rf7 {[%emt 0:00:03]} 27. Bg1 {[%emt 0:00:05]} Qd8 {[%emt 0:00:02]} 28. Bxe4 {[%emt 0:00:22]} dxe4 {[%emt 0:00:01]} 29. Qg3 {[%emt 0:00:14]} c4 {[%emt 0:00:02]} 30. Ng2 {[%emt 0:00:02]} Nh5 {[%emt 0:00:05]} 31. Qe1 {[%emt 0:00:01]} Rg7 {[%emt 0:00:05]} 32. Bh2 {[%emt 0:00:02]} Rf7 {[%emt 0:00:09]} 33. Nf4 {[%emt 0:00:02]} Nxf4 {[%emt 0:00:03]} 34. Bxf4 {[%emt 0:00:01]} Rc8 {[%emt 0:00:09]} 35. Rg1 {[%emt 0:00:01]} Kh8 {[%emt 0:00:03]} 36. Bg5 {[%emt 0:00:02]} Qf8 {[%emt 0:00:08]} 37. Qh4 {[%emt 0:00:01]} Kg8 {[%emt 0:00:03]} 38. Raf1 {[%emt 0:00:01]} Rcc7 {[%emt 0:00:01]} 39. Rf4 {[%emt 0:00:03]} Rg7 {[%emt 0:00:01]} 40. Bf6 {[%emt 0:00:02]} Rcf7 {[%emt 0:00:04]} 41. Rg5 {[%emt 0:00:05]} Rxf6 {[%emt 0:00:01]} 42. exf6 {[%emt 0:00:01]} Qxf6 {[%emt 0:00:01]} 43. Qh6 {[%emt 0:00:03]} e5 {[%emt 0:00:02]} 44. Rfxf5 {[%emt 0:00:08]} Qe7 {[%emt 0:00:10]} 45. Rxe5 {[%emt 0:00:01]} Qf7 {[%emt 0:00:02]} 46. Rg2 {[%emt 0:00:06]} Qf1+ {[%emt 0:00:02]} 47. Kh2 {[%emt 0:00:01]} Bc6 {[%emt 0:00:02]} 48. d5 {[%emt 0:00:04]} Bd7 {[%emt 0:00:01]} 49. Qf4 {[%emt 0:00:02]} Qe1 {[%emt 0:00:17]} 50. Qxe4 {[%emt 0:00:01]} Rf7 {[%emt 0:00:04]} 51. Re8+ {[%emt 0:00:09]} Kg7 {[%emt 0:00:01]} 52. Qe5+ {[%emt 0:00:01]} Kh6 {[%emt 0:00:01]} 53. Qg5+ {[%emt 0:00:04]} Kg7 {[%emt 0:00:01]} 54. Re7 {[%emt 0:00:01]} Bf5 {[%emt 0:00:05]} 55. Rxf7+ Kxf7 {[%emt 0:00:00]} 56. d6 {[%emt 0:00:02]} Qd1 {[%emt 0:00:04]} 57. Qe7+ {[%emt 0:00:02]} Kg8 {[%emt 0:00:02]} 58. Qe5 {[%emt 0:00:02]} Kf7 {[%emt 0:00:03]} 59. e4 {[%emt 0:00:01]} 1-0

[Event "GER-chW Blitz 2019"]
[Site "Magdeburg"]
[Date "2019.05.25"]
[Round "6.11"]
[White "Muetsch, Annmarie"]
[Black "Birkholz, Olga"]
[Result "1-0"]
[WhiteElo "2266"]
[BlackElo "2031"]
[Annotator "NA"]
[PlyCount "133"]
[EventDate "2019.05.25"]
[EventType "tourn"]
[EventCountry "GER"]
[SourceTitle "playchess.com"]
[Source "ChessBase"]
[SourceQuality "1"]
[TimeControl "180+2"]

1. e4 {[%emt 0:00:00]} c5 {[%emt 0:00:00]} 2. Nf3 {[%emt 0:00:01]} a6 {[%emt 0:00:00]} 3. d3 {[%emt 0:00:04]} g6 {[%emt 0:00:02]} 4. Nbd2 {[%emt 0:00:01]} Bg7 {[%emt 0:00:01]} 5. g3 {[%emt 0:00:01]} d6 {[%emt 0:00:01]} 6. Bg2 {[%emt 0:00:01]} Nc6 {[%emt 0:00:02]} 7. O-O {[%emt 0:00:02]} Nf6 {[%emt 0:00:01]} 8. c3 {[%emt 0:00:01]} e5 {[%emt 0:00:06]} 9. Re1 {[%emt 0:00:07]} O-O {[%emt 0:00:02]} 10. Nf1 {[%emt 0:00:01]} h6 {[%emt 0:00:05]} 11. h4 {[%emt 0:00:16]} Be6 {[%emt 0:00:03]} 12. Qe2 {[%emt 0:00:05]} Qc7 {[%emt 0:00:09]} 13. Ne3 {[%emt 0:00:32]} b5 {[%emt 0:00:04]} 14. Nh2 {[%emt 0:00:11]} b4 {[%emt 0:00:14]} 15. Nd5 {[%emt 0:00:10]} Bxd5 {[%emt 0:00:20]} 16. exd5 {[%emt 0:00:02]} Ne7 {[%emt 0:00:01]} 17. c4 {[%emt 0:00:12]} Nf5 {[%emt 0:00:01]} 18. Be3 {[%emt 0:00:13]} Rae8 {[%emt 0:00:11]} 19. Ng4 {[%emt 0:00:09]} Nxe3 {[%emt 0:00:21]} 20. Nxf6+ {[%emt 0:00:09]} Bxf6 {[%emt 0:00:01]} 21. fxe3 {[%emt 0:00:08]} a5 {[%emt 0:00:10]} 22. h5 {[%emt 0:00:06]} Bg5 {[%emt 0:00:08]} 23. Qg4 {[%emt 0:00:13]} Qc8 {[%emt 0:00:07]} 24. Bh3 {[%emt 0:00:34]} Qxg4 {[%emt 0:00:06]} 25. Bxg4 {[%emt 0:00:02]} f5 {[%emt 0:00:01]} 26. Bd1 {[%emt 0:00:04]} Kg7 {[%emt 0:00:01]} 27. e4 {[%emt 0:00:05]} fxe4 {[%emt 0:00:05]} 28. dxe4 {[%emt 0:00:06]} Rf6 {[%emt 0:00:07]} 29. Bg4 {[%emt 0:00:07]} Ref8 {[%emt 0:00:03]} 30. hxg6 {[%emt 0:00:07]} Rf2 {[%emt 0:00:07]} 31. Bf5 {[%emt 0:00:03]} Rxb2 {[%emt 0:00:02]} 32. Reb1 {[%emt 0:00:02]} Rc2 {[%emt 0:00:06]} 33. Rf1 {[%emt 0:00:06]} Be3+ {[%emt 0:00:04]} 34. Kh1 {[%emt 0:00:01]} Bd4 {[%emt 0:00:03]} 35. Rac1 {[%emt 0:00:03]} Rc3 {[%emt 0:00:04]} 36. Kg2 {[%emt 0:00:03]} Rc2+ {[%emt 0:00:02]} 37. Rxc2 {[%emt 0:00:02]} Bc3 {[%emt 0:00:03]} 38. g4 {[%emt 0:00:00]} Bd4 {[%emt 0:00:02]} 39. Rh1 {[%emt 0:00:01]} Be3 {[%emt 0:00:02]} 40. Rh5 {[%emt 0:00:01]} Bg5 {[%emt 0:00:01]} 41. Re2 Bf4 {[%emt 0:00:01]} 42. Re1 {[%emt 0:00:02]} Bg5 {[%emt 0:00:01]} 43. Reh1 {[%emt 0:00:01]} Bf4 {[%emt 0:00:01]} 44. Ra1 {[%emt 0:00:02]} Bg5 {[%emt 0:00:03]} 45. Rhh1 {[%emt 0:00:02]} Be3 {[%emt 0:00:02]} 46. Rab1 {[%emt 0:00:01]} Bd4 {[%emt 0:00:01]} 47. g5 {[%emt 0:00:02]} Be3 {[%emt 0:00:04]} 48. gxh6+ {[%emt 0:00:01]} Bxh6 {[%emt 0:00:01]} 49. a3 {[%emt 0:00:02]} Rb8 {[%emt 0:00:07]} 50. axb4 {[%emt 0:00:01]} cxb4 {[%emt 0:00:04]} 51. Ra1 {[%emt 0:00:02]} Ra8 {[%emt 0:00:02]} 52. Rhb1 {[%emt 0:00:02]} Bd2 {[%emt 0:00:04]} 53. Ra4 {[%emt 0:00:01]} Bc3 {[%emt 0:00:04]} 54. Kf3 {[%emt 0:00:01]} Kf6 55. Kg4 Bd2 {[%emt 0:00:04]} 56. Rb3 {[%emt 0:00:05]} Bc3 {[%emt 0:00:02]} 57. Kf3 {[%emt 0:00:03]} Bd2 {[%emt 0:00:03]} 58. Ke2 {[%emt 0:00:01]} Bc3 {[%emt 0:00:01]} 59. Kd3 {[%emt 0:00:01]} Rh8 {[%emt 0:00:03]} 60. Rxa5 {[%emt 0:00:02]} Rh3+ {[%emt 0:00:01]} 61. Ke2 {[%emt 0:00:02]} Rh2+ {[%emt 0:00:01]} 62. Kf1 {[%emt 0:00:01]} Rh1+ {[%emt 0:00:07]} 63. Kg2 {[%emt 0:00:01]} Rc1 {[%emt 0:00:03]} 64. Ra2 {[%emt 0:00:02]} Re1 {[%emt 0:00:08]} 65. Rc2 {[%emt 0:00:03]} Re3 {[%emt 0:00:03]} 66. Kf2 {[%emt 0:00:03]} Rh3 {[%emt 0:00:03]} 67. Bxh3 {[%emt 0:00:03]} 1-0